| 000 | 00687nam a2200181 a 4500 | ||
|---|---|---|---|
| 001 | 000033955 | ||
| 005 | 20200930070644.0 | ||
| 008 | 110914s2009 ag 000 0 spa d | ||
| 020 | _a9789505577910 | ||
| 100 | 1 |
_aPetit, Mechèle _959417 |
|
| 245 | 1 | 0 |
_aLecturas, del espacio íntimo al espacio público : _bespacio para la lectura / _cMechèle Petit; traducción de Miguel y Malou Paleo, y Diana Luz Sánchez ; editor Daniel Goldin. |
| 260 |
_aBuenos Aires, Argentina : _bFondo de Cultura Económica, _c2009. |
||
| 300 |
_a178 p. ; _c22 cm. |
||
| 700 | 1 |
_aMalou Paleo, Miguel _959418 |
|
| 700 | 1 |
_aSánchez, Diana Luz _959419 |
|
| 700 | 1 |
_aGodin, Daniel _eed. _959420 |
|
| 999 |
_c33446 _d33446 |
||
| 040 | _aDO-SdBNP | ||